000 00401nam a2200145 a 4500
005 20140414132123.0
008 140220s19uu xx 00 eng d
020 _a9781849562072
050 _aREF 917.304
_bWo81 2010
245 _aWonders of the world.
260 _aPasig, Philippines :
_bWS Pacific Publications, Inc,
_cc2010.
440 _aFocus on
650 _aNatural history
999 _c115137
_d115137